| 000 | 00531nam a2200181Ia 4500 | ||
|---|---|---|---|
| 005 | 20250603145341.0 | ||
| 008 | 250603s9999 xx 000 0 und d | ||
| 020 | _a9789785452266 | ||
| 050 | _aP 92.N6 .S25/ | ||
| 100 | _aEdited by Sa'idu B. Ahmad, Nura Ibrahim. | ||
| 245 | 0 | _aMedia, knowledge transfer and African identity : a festschrift in honour of Abdalla Uba Adamu | |
| 260 | _aKaduna, Nigeria | ||
| 260 | _b Bayero University Press | ||
| 260 | _c2020 | ||
| 300 | _a447 p | ||
| 650 | _aKaduna, Nigeria | ||
| 942 | _cBK | ||
| 999 |
_c41606 _d41606 |
||